| 000 | 00566nam a2200193 a 4500 | ||
|---|---|---|---|
| 005 | 20240924065945.0 | ||
| 008 | 991125s1979 (e. 000 0 eng u | ||
| 020 | _a0674520157 | ||
| 035 | _aUPN01000033952 | ||
| 049 | _aCG | ||
| 050 | 4 |
_aLB3013 _bM5.4 |
|
| 100 | 1 |
_aMehan, Hugh, _d1941- |
|
| 245 | 1 | 0 |
_aLearning lessons : _bsocial organization in the classroom / _cHugh Mehan. |
| 260 |
_a(E.U.A.) : _bHarvard University, _c1979. |
||
| 300 | _a227 p. | ||
| 650 | 4 |
_aDisciplina escolar _91521 |
|
| 650 | 4 |
_aEscuelas _xDirección y organización _9346 |
|
| 905 | _aLibro | ||
| 999 |
_c33952 _d33952 |
||